<?xml version="1.0" encoding="UTF-8"?>
<record
    xmlns:xsi="http://www.w3.org/2001/XMLSchema-instance"
    xsi:schemaLocation="http://www.loc.gov/MARC21/slim http://www.loc.gov/standards/marcxml/schema/MARC21slim.xsd"
    xmlns="http://www.loc.gov/MARC21/slim">

  <leader>01759nam a22003134c 4500</leader>
  <controlfield tag="003">AR-BaSMT</controlfield>
  <controlfield tag="008">260512b2026     aga|||br|||| 000 1|spa d</controlfield>
  <datafield tag="020" ind1=" " ind2=" ">
    <subfield code="a">9789878014876</subfield>
  </datafield>
  <datafield tag="040" ind1=" " ind2=" ">
    <subfield code="a">BSGB</subfield>
    <subfield code="b">espa&#xF1;ol</subfield>
    <subfield code="c">BSGB</subfield>
    <subfield code="e">rda</subfield>
  </datafield>
  <datafield tag="041" ind1="1" ind2=" ">
    <subfield code="a">fre</subfield>
    <subfield code="h">Franc&#xE9;s</subfield>
  </datafield>
  <datafield tag="080" ind1=" " ind2=" ">
    <subfield code="a">82-34 RIV</subfield>
  </datafield>
  <datafield tag="100" ind1="1" ind2=" ">
    <subfield code="a">Rivelaygue, Laurent</subfield>
    <subfield code="9">507</subfield>
  </datafield>
  <datafield tag="245" ind1="1" ind2="4">
    <subfield code="a">Losquien qu&#xE9; : </subfield>
    <subfield code="b">y una caperucita amarilla con bandas reflectantes para que la veamos de noche</subfield>
  </datafield>
  <datafield tag="246" ind1="2" ind2="1">
    <subfield code="a">Les quiquoi et le petit chaperon jaune avec des bandes r&#xE9;fl&#xE9;chissantes pour qu&#xB4;on la voie dans la nuit</subfield>
  </datafield>
  <datafield tag="250" ind1=" " ind2=" ">
    <subfield code="a">Primera edici&#xF3;n</subfield>
  </datafield>
  <datafield tag="264" ind1=" " ind2="1">
    <subfield code="a">Buenos aires : </subfield>
    <subfield code="b">Siglo XXI Editores , </subfield>
    <subfield code="c">2026</subfield>
  </datafield>
  <datafield tag="300" ind1=" " ind2=" ">
    <subfield code="a">32 p&#xE1;ginas ; </subfield>
    <subfield code="b">ilustraciones color</subfield>
  </datafield>
  <datafield tag="336" ind1=" " ind2=" ">
    <subfield code="2">rdacontent</subfield>
    <subfield code="a">texto</subfield>
    <subfield code="b">txt</subfield>
  </datafield>
  <datafield tag="337" ind1=" " ind2=" ">
    <subfield code="2">rdamedia </subfield>
    <subfield code="a">sin mediaci&#xF3;n</subfield>
    <subfield code="b">n</subfield>
  </datafield>
  <datafield tag="338" ind1=" " ind2=" ">
    <subfield code="2">rdacarrier</subfield>
    <subfield code="a">volumen</subfield>
    <subfield code="b">nc</subfield>
  </datafield>
  <datafield tag="490" ind1=" " ind2=" ">
    <subfield code="a">Siglo para chicos</subfield>
  </datafield>
  <datafield tag="520" ind1=" " ind2="1">
    <subfield code="a">Los Quienqu&#xE9; y una caperucita amarilla con bandas reflectantes para que la veamos de noche

Los Quienqu&#xE9; son Oli, Petunia, Pamela, Mustard, Ra&#xFA;l y Mixo, un grupo de amigos con personalidades muy curiosas&#x2026; &#xA1;y mucha imaginaci&#xF3;n!

Petunia tiene que de escribir un cuento para el colegio. Para ayudarla, Oli dibuja un libro del que sale una Caperucita que no es roja sino amarilla. Se llama Clementina, y va a visitar a su abuelita que vive lejos, en el bosque. Los Quienqu&#xE9; deciden acompa&#xF1;arla: &#xBF;Podr&#xE1;n cruzar ese bosque misterioso? &#xBF;Tendr&#xE1;n que cuidarse del lobo feroz?</subfield>
    <subfield code="u">https://sigloxxieditores.com.ar/libro/los-quienque-y-una-caperucita-amarilla-con-bandas-reflectantes-para-que-la-veamos-de-noche/
12/05/2026</subfield>
  </datafield>
  <datafield tag="521" ind1=" " ind2=" ">
    <subfield code="a">A partir de 9 a&#xF1;os</subfield>
  </datafield>
  <datafield tag="650" ind1=" " ind2="7">
    <subfield code="9">8</subfield>
    <subfield code="a">LITERATURA INFANTIL</subfield>
  </datafield>
  <datafield tag="650" ind1=" " ind2="7">
    <subfield code="9">23</subfield>
    <subfield code="a">CUENTO</subfield>
  </datafield>
  <datafield tag="650" ind1=" " ind2="7">
    <subfield code="9">22</subfield>
    <subfield code="a">HUMOR</subfield>
  </datafield>
  <datafield tag="942" ind1=" " ind2=" ">
    <subfield code="2">ddc</subfield>
    <subfield code="a">BOOK</subfield>
  </datafield>
  <datafield tag="999" ind1=" " ind2=" ">
    <subfield code="c">682</subfield>
    <subfield code="d">682</subfield>
  </datafield>
  <datafield tag="952" ind1=" " ind2=" ">
    <subfield code="0">0</subfield>
    <subfield code="1">0</subfield>
    <subfield code="2">ddc</subfield>
    <subfield code="4">0</subfield>
    <subfield code="a">BSGB</subfield>
    <subfield code="b">BSGB</subfield>
    <subfield code="c">Verde</subfield>
    <subfield code="e">Compra Feria del Libro 2026</subfield>
    <subfield code="i">001063</subfield>
    <subfield code="l">0</subfield>
    <subfield code="o">82-34 RIV</subfield>
    <subfield code="p">001063</subfield>
    <subfield code="t">1</subfield>
    <subfield code="y">BOOK</subfield>
    <subfield code="f"></subfield>
  </datafield>
</record>
